00357nam a2200133Ia 4500008004100000020002200041041000800063082002400071100002200095245004100117260003700158300000900195999001900204230411s9999 xx 000 0 und d a978-93-5270-344-9 aeng aF/610.73/CLE/B09348 aClement I9119826 aBasic Concepts of Nursing Procedures bJaypee BrothersaNew Delhic2009 a623p c158511d158511